000 00714nam a2200193Ia 4500
008 151119s9999||||xx |||||||||||||| ||und||
082 _a823.91लिंकले/प्रेमाची
082 _bGKKV32553
100 _aलिंकलेटर अँड्रो
245 _aप्रेमाची परिभाषा
260 _aपुणे
260 _bमेहता पब्लीशिग हाउस
260 _c2013
600 _aलिंकलेटर अँड्रो
630 _aप्रेमाची परिभाषा
700 _aलिंकलेटर अँड्रो
730 _aप्रेमाची परिभाषा
942 _cBOOK
999 _c1084855
_d1084852